| 000 | 01358nam a2200253Ia 4500 | ||
|---|---|---|---|
| 999 |
_c48774 _d48774 |
||
| 001 | 15675 | ||
| 003 | GE_BSU | ||
| 005 | 20190422182638.0 | ||
| 008 | 181216s1990||||ge |||||||||||||| ||geo|| | ||
| 040 | _cGE_BSU | ||
| 041 | _ageo | ||
| 080 | _a94(479.22)+321.64(47+57) + 343.294 ჩ-60 | ||
| 100 |
_aჩიქოვანი, ლილი _9321 |
||
| 245 |
_aიმ ღამეს გაუმარჯოს, რომელიც თენდება!.../ _cლილი ჩიქოვანი. :რედ. ა.სამსონია ; მხატვ. ა.ლომაძე _bრეაბილიტაცია / ცეცხლაძე ნოდარ. |
||
| 264 |
_aბათუმი : _bჟურნ. ჭოროხის გამ-ბა, _c1990. |
||
| 300 |
_a88გვ. : _bილ. _c |
||
| 520 | _aგარეკანზე სათაური: რეაბილიტაცია | ||
| 653 | _a საქართველოს ისტორია, XX ს. | ||
| 653 | _aრეპრესიები საბჭოთა კავშირში | ||
| 653 | _a რეპრესირებულთა რეაბილიტაცია | ||
| 700 |
_aსამსონაძე, ა. _eრედაქტორი _9322 |
||
| 700 |
_aლომაძე, ა. _eრედაქტორი _9323 |
||
| 942 |
_cBK _2udc |
||